UM Logo

Croplook : (Record no. 23352)

MARC details
000 -LEADER
fixed length control field 00804nam a22001817a 4500
005 - DATE AND TIME OF LATEST TRANSACTION
control field 20250212084645.0
008 - FIXED-LENGTH DATA ELEMENTS--GENERAL INFORMATION
fixed length control field 250120b |||||||| |||| 00| 0 eng d
100 ## - MAIN ENTRY--PERSONAL NAME
Personal name Roxas, Jean Nikolai.
Relator term author.
9 (RLIN) 64665
245 ## - TITLE STATEMENT
Title Croplook :
Remainder of title Kapatagan agricultural trading portal and production forecast with sms notification /
Statement of responsibility, etc. Jean Nikolai Roxas, Dhominic Arendain, Amilissa Araneta, and Cyvil Dave Dasargo.
260 ## - PUBLICATION, DISTRIBUTION, ETC. (IMPRINT)
Place of publication, distribution, etc. Philippines ;
Name of publisher, distributor, etc. University of Mindanao,
Date of publication, distribution, etc. 2021.
300 ## - PHYSICAL DESCRIPTION
Extent volume 13. pages 419-441,
Other physical details illustration.
500 ## - GENERAL NOTE
General note Research Journal, v. 13, iss. 1, pages 419-441, 2022.
700 ## - ADDED ENTRY--PERSONAL NAME
Personal name Roxas, Jean Nikolai.
Relator term author.
9 (RLIN) 64665
700 ## - ADDED ENTRY--PERSONAL NAME
Personal name Arendain, Dhominic.
Relator term author.
9 (RLIN) 64666
700 ## - ADDED ENTRY--PERSONAL NAME
Personal name Araneta, Amilissa.
Relator term author.
9 (RLIN) 64667
700 ## - ADDED ENTRY--PERSONAL NAME
Personal name Dasargo, Cyvil Dave.
9 (RLIN) 64668
942 ## - ADDED ENTRY ELEMENTS (KOHA)
Source of classification or shelving scheme Dewey Decimal Classification
Koha item type Periodicals
Holdings
Withdrawn status Lost status Source of classification or shelving scheme Damaged status Not for loan Collection code Home library Current library Date acquired Total Checkouts Date last seen Price effective from Koha item type Public note
    Dewey Decimal Classification     Periodicals UM Digos College - LIC UM Digos College - LIC 01/20/2025   01/20/2025 01/20/2025 Periodicals Periodical Article